000 00575cam a22002291 4500
001 sa 67004491
003 DLC
005 20260227112347.0
008 890621s1967 ii b 000 0 hino
010 _asa 67004491
035 _a(OCoLC)19906019
040 _aDLC
_cWaU
_dDLC
042 _apremarc
050 0 0 _aPK2033
_b.S464
100 1 _aSharma, Rajnath,
_d1922-
245 1 0 _aĀdhunika sāhitya.
260 _c1967.
300 _a2, 2, 201 p.
_c23 cm.
500 _aIn Hindi.
504 _aBibliographical footnotes.
650 0 _aHindi literature
_y20th century.
999 _c74526
_d74526